Manual de derecho laboral para empresas (Registro nro. 776)

Detalles MARC
000 -LEADER
fixed length control field 02043 a2200217 4500
001 - CONTROL NUMBER
control field 21190
005 - DATE AND TIME OF LATEST TRANSACTION
control field 20260407155502.0
008 - FIXED-LENGTH DATA ELEMENTS--GENERAL INFORMATION
fixed length control field 260407a2011 arg spa d
003 - CONTROL NUMBER IDENTIFIER
control field AR-UNSa-BCEJYS
040 ## - CATALOGING SOURCE
Original cataloging agency AR-UNSa-BCEJYS
Language of cataloging spa
Transcribing agency AR-UNSa-BCEJYS
080 ## - UNIVERSAL DECIMAL CLASSIFICATION NUMBER
Universal Decimal Classification number 349.2
Common auxiliary subdivision Derecho del Trabajo
020 ## - INTERNATIONAL STANDARD BOOK NUMBER
International Standard Book Number 978-987-01-1201-3
100 1# - MAIN ENTRY--PERSONAL NAME
Personal name De Diego, Julián
245 10 - TITLE STATEMENT
Title Manual de derecho laboral para empresas
264 #1 - PRODUCTION, PUBLICATION, DISTRIBUTION, MANUFACTURE, AND COPYRIGHT NOTICE
Place of production, publication, distribution, manufacture Buenos Aires :
Name of producer, publisher, distributor, manufacturer Errepar
Date of production, publication, distribution, manufacture, or copyright notice 2011
300 ## - PHYSICAL DESCRIPTION
Extent xxxv, 640 p.
Dimensions 21 cm.
505 ## - FORMATTED CONTENTS NOTE
Formatted contents note 1. El trabajo y el derecho laboral: características diferenciales y contenido. Diferenciación del trabajo dependiente del trabajo autónomo - 2. El sistema jurídico y sus instrumentos. Fuentes, principios y medios técnico-legales - 3. El contrato de trabajo. Los sujetos: el trabajador y el empleador. El proceso de selección. Formas no laborales de contratación. La contratación y la relación laboral. El objeto. Distintos tipos de contratos - 4. Deberes y derechos del empleador frente a los deberes y derechos del trabajador - 5. La renumeración y las prestaciones no remuneratorias - 6.Jornada de trabajo - 7. Los descansos - 8. Mujeres y menores - 9. Enfermedades y accidentes inculpables. Licencias y suspensiones - 10. Extinción del contrato de trabajo - 11. Procedimientos de conciliación. Policia laboral y procedimientos de inspección. Procedimiento de verificación e impugnación de cargas sociales - 12. Estatutos especiales. Estatuto para empresas pequeñas. Estatuto del servicio doméstico. Estatuto del voluntariado. Los caddies del golf - 13. Los sindicatos y la tutela sindical - 14. Los convenios colectivos - 15. La huelga y otras medidas colectivas de acción directa - 16. La seguridad social y el régimen jubilatorio. Los aportes y contribuciones - 17. Riesgos del trabajo - 18. Asignaciones familiares
590 ## - LOCAL NOTE (RLIN)
Local note niveau_biblio:m niveau_hierar:0
856 41 - ELECTRONIC LOCATION AND ACCESS
Uniform Resource Identifier <a href="https://biblioeco.unsa.edu.ar/pmb/images/libros/Manual de Derecho Laboral para Empresas.jpg">https://biblioeco.unsa.edu.ar/pmb/images/libros/Manual de Derecho Laboral para Empresas.jpg</a>
Link text Imagen de portada
Electronic format type image/jpeg
942 ## - ADDED ENTRY ELEMENTS (KOHA)
Koha item type
Existencias
Withdrawn status Lost status Damaged status Not for loan Home library Current library Shelving location Date acquired Total checkouts Full call number Barcode Date last seen Price effective from Koha item type
        Biblioteca Prof. Eusebio Cleto del Rey Biblioteca Prof. Eusebio Cleto del Rey   07/04/2026   349.2 D559 4ed. L119217 07/04/2026 07/04/2026 Libro
        Biblioteca Prof. Eusebio Cleto del Rey Biblioteca Prof. Eusebio Cleto del Rey   07/04/2026   349.2 D559 4ed. L119216 07/04/2026 07/04/2026 Libro
        Biblioteca Prof. Eusebio Cleto del Rey Biblioteca Prof. Eusebio Cleto del Rey   07/04/2026   349.2 D559 4ed. L119215 07/04/2026 07/04/2026 Libro